<?xml version="1.0" encoding="UTF-8"?>
<record
    xmlns:xsi="http://www.w3.org/2001/XMLSchema-instance"
    xsi:schemaLocation="http://www.loc.gov/MARC21/slim http://www.loc.gov/standards/marcxml/schema/MARC21slim.xsd"
    xmlns="http://www.loc.gov/MARC21/slim">

  <leader>01641nam a2200301 i 4500</leader>
  <controlfield tag="001">000046116</controlfield>
  <controlfield tag="003">DO-SdBNP</controlfield>
  <controlfield tag="005">20240308073620.0</controlfield>
  <controlfield tag="007">ta</controlfield>
  <controlfield tag="008">110210s   1991    dr a    000 j spa d</controlfield>
  <datafield tag="040" ind1=" " ind2=" ">
    <subfield code="a">DO-SdBNP</subfield>
    <subfield code="b">spa</subfield>
    <subfield code="c">BNPHU</subfield>
    <subfield code="e">rda</subfield>
  </datafield>
  <datafield tag="082" ind1=" " ind2=" ">
    <subfield code="a">BNPHU H863.4408</subfield>
    <subfield code="b">C965L</subfield>
    <subfield code="2">22</subfield>
  </datafield>
  <datafield tag="245" ind1="0" ind2="0">
    <subfield code="a">Cuentos latinoamericanos. /</subfield>
    <subfield code="c">presentaci&#xF3;n Avelino Stanley.</subfield>
  </datafield>
  <datafield tag="264" ind1=" " ind2=" ">
    <subfield code="a">Santo Domingo :</subfield>
    <subfield code="b">Susaeta,</subfield>
    <subfield code="c">1991.</subfield>
  </datafield>
  <datafield tag="300" ind1=" " ind2=" ">
    <subfield code="a">159 paginas :</subfield>
    <subfield code="b">ilustraciones ;</subfield>
    <subfield code="c">22 cm.</subfield>
  </datafield>
  <datafield tag="336" ind1=" " ind2=" ">
    <subfield code="2">rdacontent</subfield>
    <subfield code="a">texto</subfield>
    <subfield code="b">txt</subfield>
  </datafield>
  <datafield tag="337" ind1=" " ind2=" ">
    <subfield code="2">rdamedia</subfield>
    <subfield code="a">sin mediaci&#xF3;n</subfield>
    <subfield code="b">n</subfield>
  </datafield>
  <datafield tag="338" ind1=" " ind2=" ">
    <subfield code="2">rdacarrier</subfield>
    <subfield code="a">volumen</subfield>
    <subfield code="b">nc</subfield>
  </datafield>
  <datafield tag="505" ind1="0" ind2=" ">
    <subfield code="t">Presentaci&#xF3;n --</subfield>
    <subfield code="t">La gallina degollada /</subfield>
    <subfield code="r">Horacio Quiroga --</subfield>
    <subfield code="t">Los amos /</subfield>
    <subfield code="r">Juan Bosch --</subfield>
    <subfield code="t">El encuentro /</subfield>
    <subfield code="r">Jorge Luis Borges --</subfield>
    <subfield code="t">Las novias del mendigo /</subfield>
    <subfield code="r">R&#xF3;mulo Gallegos --</subfield>
    <subfield code="t">El hombre honrado /</subfield>
    <subfield code="r">Monteiro Lobato --</subfield>
    <subfield code="t">La leyenda del yunque /</subfield>
    <subfield code="r">Juan B. Huyke --</subfield>
    <subfield code="t">Los fugitivos /</subfield>
    <subfield code="r">Alejo Carpentier --</subfield>
    <subfield code="t">El sue&#xF1;o del pongo /</subfield>
    <subfield code="r">Jos&#xE9; Mar&#xED;a Arguedes --</subfield>
    <subfield code="t">Calixto /</subfield>
    <subfield code="r">Ciro Alegr&#xED;a --</subfield>
    <subfield code="t">Es que somos pobres /</subfield>
    <subfield code="r">Juan Rulfo --</subfield>
    <subfield code="t">Continuidad de los parques /</subfield>
    <subfield code="r">Julio Cort&#xE1;zar --</subfield>
    <subfield code="t">Primera dama /</subfield>
    <subfield code="r">Augusto Monterroso --</subfield>
    <subfield code="t">El ahogado m&#xE1;s hermoso del mundo /</subfield>
    <subfield code="r">Gabriel Garc&#xED;a M&#xE1;rquez --</subfield>
    <subfield code="t">Juegos nocturnos /</subfield>
    <subfield code="r">Augusto Roa Bastos --</subfield>
    <subfield code="t">Pesadilla /</subfield>
    <subfield code="r">Virgilio D&#xED;az Grull&#xF3;n --</subfield>
  </datafield>
  <datafield tag="590" ind1=" " ind2=" ">
    <subfield code="a">Perteneci&#xF3; a la biblioteca personal de Chiqui Vicioso/Fidelio Despradel</subfield>
  </datafield>
  <datafield tag="590" ind1=" " ind2=" ">
    <subfield code="a">Inventariado, 2018/ YL</subfield>
  </datafield>
  <datafield tag="650" ind1="1" ind2="4">
    <subfield code="a">Cuentos latinoamericanos</subfield>
    <subfield code="x">Colecciones</subfield>
    <subfield code="9">8654</subfield>
  </datafield>
  <datafield tag="650" ind1="1" ind2="4">
    <subfield code="a">Literatura latinoamericana</subfield>
    <subfield code="9">4717</subfield>
  </datafield>
  <datafield tag="700" ind1="1" ind2=" ">
    <subfield code="a">Stanley, Avelino,</subfield>
    <subfield code="d">1959-</subfield>
    <subfield code="e">presentaci&#xF3;n</subfield>
    <subfield code="9">1536</subfield>
  </datafield>
  <datafield tag="700" ind1="1" ind2=" ">
    <subfield code="a">Mart&#xED;nez, Julio C&#xE9;sar</subfield>
    <subfield code="e">il.</subfield>
    <subfield code="9">1263</subfield>
  </datafield>
  <datafield tag="910" ind1=" " ind2=" ">
    <subfield code="a">YL</subfield>
  </datafield>
  <datafield tag="942" ind1=" " ind2=" ">
    <subfield code="2">ddc</subfield>
    <subfield code="c">LBS1</subfield>
  </datafield>
  <datafield tag="952" ind1=" " ind2=" ">
    <subfield code="0">0</subfield>
    <subfield code="1">0</subfield>
    <subfield code="2">ddc</subfield>
    <subfield code="7">1</subfield>
    <subfield code="8">MO</subfield>
    <subfield code="a">BNPHU</subfield>
    <subfield code="b">PD</subfield>
    <subfield code="c">HD</subfield>
    <subfield code="d">2015-06-24</subfield>
    <subfield code="i">LF1</subfield>
    <subfield code="l">0</subfield>
    <subfield code="o">BNPHU PD H863.4408 C965L</subfield>
    <subfield code="p">46116-10</subfield>
    <subfield code="r">2020-06-25</subfield>
    <subfield code="w">2020-06-25</subfield>
    <subfield code="y">1</subfield>
    <subfield code="z">Perteneci&#xF3; a la bibliteca personal de Chiqui Vicioso / Fidelio Despradel.</subfield>
  </datafield>
  <datafield tag="952" ind1=" " ind2=" ">
    <subfield code="0">0</subfield>
    <subfield code="1">0</subfield>
    <subfield code="2">ddc</subfield>
    <subfield code="5">1</subfield>
    <subfield code="7">0</subfield>
    <subfield code="8">PD</subfield>
    <subfield code="a">BNPHU</subfield>
    <subfield code="b">BNPHU</subfield>
    <subfield code="c">CT</subfield>
    <subfield code="d">2024-01-11</subfield>
    <subfield code="e">donaci&#xF3;n</subfield>
    <subfield code="l">0</subfield>
    <subfield code="o">BNPHU PD BNPHU H863.4408 C965L</subfield>
    <subfield code="p">2024-0170</subfield>
    <subfield code="r">2024-01-11</subfield>
    <subfield code="t">e.2</subfield>
    <subfield code="w">2024-01-11</subfield>
    <subfield code="y">LBS1</subfield>
  </datafield>
  <datafield tag="999" ind1=" " ind2=" ">
    <subfield code="c">45605</subfield>
    <subfield code="d">45605</subfield>
  </datafield>
</record>
